[Event "37th Zalakaros Festival 2018"]
[Site "Zalakaros"]
[Date "2018.05.28"]
[Round "4"]
[White "Zentai, Peter"]
[Black "Szilagyi, Norbert"]
[Result "1-0"]
[WhiteElo "2327"]
[BlackElo "2084"]
[Annotator "NA"]
[PlyCount "63"]
[EventDate "2018.??.??"]
[EventType "swiss"]
[EventCountry "HUN"]
[SourceTitle "playchess.com"]
[Source "ChessBase"]
[SourceQuality "1"]
[TimeControl "40/5400+30:1800+30"]

1. d4 {[%emt 0:00:10]} Nf6 {[%emt 0:00:37]} 2. c4 {[%emt 0:00:28]} e6 {[%emt 0:00:07]} 3. Nc3 {[%emt 0:00:06]} Bb4 {[%emt 0:00:08]} 4. Qc2 {[%emt 0:00:36]} O-O {[%emt 0:00:38]} 5. a3 {[%emt 0:00:20]} Bxc3+ {[%emt 0:00:06]} 6. Qxc3 {[%emt 0:00:05]} b6 {[%emt 0:00:22]} 7. Bg5 {[%emt 0:00:38]} Bb7 {[%emt 0:08:53]} 8. f3 {[%emt 0:01:13]} d6 {[%emt 0:06:02]} 9. e4 {[%emt 0:01:35]} h6 {[%emt 0:02:27]} 10. Bh4 {[%emt 0:01:04]} e5 {[%emt 0:16:55]} 11. Nh3 {[%emt 0:49:48]} Nbd7 {[%emt 0:07:16]} 12. Nf2 {[%emt 0:02:44]} Re8 {[%emt 0:07:05]} 13. Bxf6 {[%emt 0:15:55]} Qxf6 {[%emt 0:08:02]} 14. d5 {[%emt 0:00:31]} Qg6 {[%emt 0:03:27]} 15. g3 {[%emt 0:03:45]} h5 {[%emt 0:09:47]} 16. Bh3 {[%emt 0:03:34]} Bc8 {[%emt 0:05:34]} 17. b4 {[%emt 0:03:05]} Nf6 {[%emt 0:02:12]} 18. Bxc8 {[%emt 0:00:11]} Raxc8 {[%emt 0:00:17]} 19. Qd3 {[%emt 0:07:07]} Red8 {[%emt 0:07:58]} 20. Ke2 {[%emt 0:00:32]} c6 {[%emt 0:01:07]} 21. dxc6 {[%emt 0:01:08]} b5 {[%emt 0:02:14]} 22. cxb5 {[%emt 0:01:15]} h4 {[%emt 0:03:21]} 23. g4 {[%emt 0:00:42]} d5 {[%emt 0:03:07]} 24. exd5 {[%emt 0:00:28]} Qh6 {[%emt 0:03:16]} 25. d6 {[%emt 0:01:28]} a6 {[%emt 0:01:07]} 26. c7 {[%emt 0:01:43]} Rd7 {[%emt 0:00:51]} 27. b6 {[%emt 0:00:31]} Re8 {[%emt 0:00:07]} 28. b7 {[%emt 0:01:03]} e4 {[%emt 0:00:07]} 29. fxe4 {[%emt 0:00:37]} Nxe4 {[%emt 0:01:05]} 30. Nxe4 {[%emt 0:00:34]} Rxd6 {[%emt 0:00:39]} 31. c8=Q {[%emt 0:00:35]} Rde6 {[%emt 0:00:05]} 32. b8=Q {[%emt 0:00:47]} 1-0

[Event "37th Zalakaros Festival 2018"]
[Site "Zalakaros"]
[Date "2018.05.28"]
[Round "4"]
[White "Li, Bo"]
[Black "Astaneh Lopez, Alex"]
[Result "1/2-1/2"]
[WhiteElo "2319"]
[BlackElo "2446"]
[Annotator "TA"]
[PlyCount "158"]
[EventDate "2018.??.??"]
[EventType "swiss"]
[EventCountry "HUN"]
[SourceTitle "playchess.com"]
[Source "ChessBase"]
[SourceQuality "1"]

{[%evp 9,158,1,28,23,13,17,20,17,23,24,27,31,61,23,29,23,19,22,23,0,0,2,8,0,16,21,29,19,19,17,17,22,18,0,0,0,0,0,0,0,0,0,0,-2,-6,-8,0,-1,0,-9,0,0,0,0,0,0,0,0,0,0,0,0,0,0,0,0,0,0,0,0,0,0,0,0,0,0,0,0,0,0,0,0,0,0,0,0,0,0,0,0,0,0,0,0,0,0,0,0,0,0,0,0,0,0,0,0,0,0,0,0,0,0,0,0,0,0,0,0,0,0,0,0,0,0,0,-12845,0,0,0,0,0,0,0,0,0,0,0,0,0,0,0,0,0,0,0,0,0,0,0,0,0]} 1. d4 Nf6 2. c4 e6 3. g3 d5 4. Nf3 Bb4+ 5. Bd2 Bd6 (5... Be7 6. Bg2 O-O 7. O-O Nbd7 8. Qc2 c6 9. Bf4 b6 10. cxd5 cxd5 11. Rc1 Bb7 12. Nc3 Rc8 13. Ne5 Nxe5 14. Bxe5 Ne4 15. Qd3 f6 16. Bf4 g5 17. Nxe4 gxf4 18. Nc3 Bd6 {½-½ (49) Duda,J (2724)-Ding,L (2778) Liaocheng 2018}) 6. Bg2 {E01: Catalan: Early deviations} O-O 7. O-O c6 8. Qb3 b6 9. Nc3 Ba6 10. cxd5 exd5 11. Bg5 $146 ({Predecessor:} 11. Rfe1 Nbd7 12. Rad1 h6 {½-½ (21) Marin,M (2549)-Petrisor,A (2377) Calimanesti Caciulata 2016}) 11... Nbd7 12. Rfe1 h6 13. Bxf6 Nxf6 ({But not} 13... gxf6 $2 14. Nh4 $18) 14. e4 Nxe4 15. Nxe4 dxe4 16. Ne5 Qc7 17. Bxe4 Bb7 18. Qf3 Bxe5 19. Qf5 {[%csl Ge4][%cal Rf5h7]} g6 $1 {[%cal Rg6f5]} 20. Qxe5 Qd7 21. Qf6 Rad8 22. Rad1 Qd6 23. Qxd6 Rxd6 24. Bf3 Rd7 25. Bg4 Rc7 26. Rc1 Rd8 27. Red1 Re7 28. Bf3 Rd6 29. h4 Kf8 30. b4 {[%cal Bb2b4,Bb4b5][%mdl 32]} Red7 31. Rc3 Rxd4 32. Rxd4 Rxd4 $11 {[%mdl 4096] Endgame KRB-KRB} 33. b5 $1 Bc8 34. Bxc6 Ra4 35. Bd5 Bd7 36. Rc7 Be6 37. Bxe6 $1 fxe6 {KR-KR} 38. h5 gxh5 39. Rh7 Rxa2 40. Rxh6 Ra5 41. Rxh5 a6 42. Kf1 Kg7 43. Ke2 Ra2+ 44. Kd3 a5 45. Rg5+ Kf6 46. f4 $1 Ra1 47. Kc2 Ra2+ 48. Kc3 Ra3+ 49. Kc2 Ke7 50. Rg6 Rf3 51. Rg8 Kd7 52. Kb2 Rd3 53. Rb8 Kc7 54. Re8 Rxg3 {White must now prevent ...Rg6.} 55. Rxe6 Rd3 56. Rc6+ Kb7 57. Rg6 Rd4 58. Rg7+ Kc8 59. f5 Rf4 60. Rg6 Kc7 61. Rc6+ Kb7 62. f6 Rf5 63. Kc3 Rxb5 64. Re6 Rf5 65. Kd4 a4 66. Ke4 Rf1 67. Rd6 $2 {[%mdl 8192] [#]} (67. Re7+ $11 Ka6 68. Rf7) 67... Ka6 $2 (67... Kc7 $1 $19 {[%cal Rc7d6]} 68. Rd4 b5) 68. Ke5 {The position is equal.} Ka5 69. Ke6 b5 (69... a3 $5 70. Rd8 $8 Kb4 $11) 70. f7 a3 71. Rd8 $1 {[#]} Rxf7 $1 {[%mdl 512] Hoping for ...Ra7.} 72. Kxf7 {KR-KPP} b4 73. Rb8 Ka4 {Strongly threatening ...b3.} (73... a2 $5 74. Ra8+ $8 Kb5 75. Rxa2 b3 $11) 74. Ke6 Kb3 75. Kd5 Kc3 {And now ...b3 would win.} (75... a2 $5 76. Ra8 $8 Kb2 $11) 76. Ra8 Kb2 77. Kc4 a2 78. Kxb4 a1=Q 79. Rxa1 Kxa1 {Precision: White = 84%, Black = 78%.} 1/2-1/2

[Event "37th Zalakaros Festival 2018"]
[Site "Zalakaros"]
[Date "2018.05.28"]
[Round "4"]
[White "Vanczak, Tamas"]
[Black "Aczel, Gergely"]
[Result "1/2-1/2"]
[WhiteElo "2303"]
[BlackElo "2567"]
[Annotator "TA"]
[PlyCount "119"]
[EventDate "2018.??.??"]
[EventType "swiss"]
[EventCountry "HUN"]
[SourceTitle "playchess.com"]
[Source "ChessBase"]
[SourceQuality "1"]

{[%evp 20,119,63,59,79,37,44,49,51,47,38,0,56,0,44,0,84,41,52,10,18,0,25,25,17,18,30,29,35,15,29,12,16,6,8,8,10,8,16,8,8,2,2,2,16,9,16,3,16,9,16,16,44,44,49,0,63,67,83,58,62,64,120,126,127,54,155,168,624,0,79,0,0,0,0,0,0,0,0,0,0,0,1,1,1,0,0,0,0,0,0,0,0,0,0,0,0,0,0,0,0,0]} 1. e4 c5 2. Nf3 d6 3. d4 cxd4 4. Nxd4 Nf6 5. Nc3 e6 6. Bc4 Be7 7. Qe2 O-O 8. Be3 d5 9. exd5 exd5 10. Bb3 Bb4 {B86: Sicilian Scheveningen/Najdorf: 6 Bc4, without early ...b5} (10... Nc6 11. O-O-O Na5 12. Bg5 Nxb3+ 13. axb3 Re8 14. Rhe1 Bd7 15. Kb1 h6 16. Bh4 a5 17. Qd3 a4 18. bxa4 Bxa4 19. Nf5 {½-½ (29) Wallner,J (2384)-Stanec,N (2506) Vienna 2013}) 11. O-O {LiveBook: 4 Games} Re8 12. Qd3 (12. Nxd5 $5 Nxd5 13. Qb5 $16) 12... Bxc3 $146 {White is slightly better.} ({Predecessor:} 12... Nc6 13. Bg5 Bxc3 14. Qxc3 Bd7 15. Rad1 Rc8 16. Nxc6 bxc6 17. Bxf6 Qxf6 18. Qxf6 gxf6 {1-0 (40) Remete,Z (2086)-Dencsi,T (2275) Budapest 2004}) 13. Qxc3 Ne4 14. Qd3 Nc5 15. Qc3 Ne4 $1 {[%cal Re4c3]} 16. Qd3 (16. Qe1 {keeps more tension.} Nc5 17. Qd2 Nxb3 18. axb3 Nc6 19. Nxc6 bxc6 20. Rxa7 Rxa7 21. Bxa7 Qd6 22. Re1) 16... Nc5 $1 {[%cal Rc5d3]} 17. Qc3 Nxb3 (17... Ne4 $1 $11 18. Qd3) 18. Qxb3 Nc6 19. Qc3 Qf6 20. Qc5 Be6 21. Nxc6 bxc6 22. Bd4 Qg6 {Strongly threatening ...Bh3.} 23. Qxc6 Rec8 24. Qd6 Rxc2 25. Qg3 (25. Rfc1 {keeps more tension.} Rd2 26. Rd1 Rxd1+ 27. Rxd1 Rc8 28. h3) 25... Rac8 (25... a6 {seems wilder.} 26. f3 f6 27. Rad1 Rac8 28. Qxg6 hxg6 29. Bc3 g5) 26. Qxg6 (26. Rad1 {is more complex.} Qxg3 27. hxg3 h5 28. f3 f6 29. Bc3) 26... hxg6 27. Bc3 f6 28. Rad1 a6 29. Rfe1 Kf7 30. Rd4 g5 31. h3 Rc6 32. Rb4 Rd6 33. a3 Rd7 34. f3 Bf5 35. Rd4 Bh7 36. Red1 Ke6 37. Re1+ Kd6 ({Black should play} 37... Kf7 $11) 38. Re8 $14 Kc6 39. Re6+ Rd6 40. Re7 Bf5 (40... Rd7 $14 41. Rxd7 Kxd7) 41. Ra4 $16 Bc8 42. Rb4 (42. h4 $16) 42... Re6 ({Black should try} 42... Rd7 $14 43. Re8 Rc7) 43. Ra7 $1 d4 $2 {[#]} (43... g6 44. Rb8 Re8 45. Bxf6 Kd6 46. Rxa6+ (46. Bxg5 d4 $18) 46... Bxa6 47. Rxe8 Rc1+ 48. Kh2 Rc2) 44. Rxd4 $2 (44. Rc4+ $1 $18 Kd5 45. Rxd4+ (45. Rxc8 dxc3 46. Rxc3 Re1+ 47. Kh2 Rxb2 $11) 45... Kc6 46. Rc4+ Kd5 47. Rxc8) 44... Kb6 {[#]} (44... Ree2 $11 {remains equal.} 45. Rc4+ Kd5 46. Rxc8 Rxg2+ 47. Kh1 (47. Kf1 Rh2 $11) 47... Rh2+ 48. Kg1 Rhg2+ 49. Kf1 Rh2) 45. Rxg7 (45. Rc4 $1 $16 Kxa7 46. Bd4+ Kb7 47. Rxc2) 45... Ree2 $1 $11 {[%cal Re2g2] The position is equal.} 46. Rb4+ Kc5 47. Rc7+ Kd6 48. Rxc8 Rxg2+ 49. Kf1 Rh2 $1 {[%cal Rh2h1]} 50. Be5+ Kxe5 {[%cal Rh2h1]} 51. Rxc2 Rxc2 {[%mdl 4096] Endgame KR-KR} 52. Kg1 a5 53. Re4+ Kf5 54. b4 {[%cal Bb2b4,Bb4b5,Bb5b6][%mdl 32]} Rc3 55. Kf2 a4 56. b5 Rxa3 57. b6 {Threatens to win with Rb4.} Ra2+ 58. Kg3 {Hoping for Rb4.} a3 59. Ra4 Rb2 60. Rxa3 {Precision: White = 51%, Black = 47%.} 1/2-1/2

[Event "37th Zalakaros Festival 2018"]
[Site "Zalakaros"]
[Date "2018.05.28"]
[Round "4"]
[White "Borsos, Bogdan"]
[Black "Bokros, Albert"]
[Result "0-1"]
[WhiteElo "2277"]
[BlackElo "2480"]
[Annotator "TA"]
[PlyCount "78"]
[EventDate "2018.??.??"]
[EventType "swiss"]
[EventCountry "HUN"]
[SourceTitle "playchess.com"]
[Source "ChessBase"]
[SourceQuality "1"]

{[%evp 17,78,26,52,43,17,20,39,23,20,27,23,-31,-31,-22,-30,-49,-41,-31,-19,-72,-53,-54,-60,-55,-13,-143,-149,-160,-171,-162,-144,-145,-156,-164,-122,-234,-237,-243,-192,-322,-316,-323,-307,-313,-305,-400,-393,-488,-495,-568,-581,-613,-612,-618,-526,-501,0,-542,-585,-1459,-1427,-29988,-29989]} 1. Nf3 Nf6 2. c4 c5 3. g3 Nc6 4. Bg2 d5 5. cxd5 Nxd5 6. O-O e5 7. Nc3 Nc7 8. a3 Be7 9. b4 f6 10. bxc5 {A34: Symmetrical English: 2 Nc3, lines with ...d5} Bxc5 11. Qc2 O-O 12. Bb2 {White is slightly better.} Be6 13. Na4 Be7 {[#]} 14. Nc5 (14. d4 $1 $11 {[%mdl 512]}) 14... Bxc5 $15 15. Qxc5 Rc8 $146 ({Predecessor:} 15... Bd5 16. d3 Ne6 17. Qc2 Rc8 {½-½ (51) Arnaudov,P (2477)-Bargan,S (2292) Albena 2012}) 16. a4 Nd5 17. Qa3 Ndb4 {Hoping for ...Nc2.} 18. Ne1 (18. Rfc1 $11) 18... a5 $17 19. Qe3 Qd7 20. f4 Nd4 {[%cal Bc6d4,Bd4b3,Bb3c5,Bc5a4][%mdl 32] Threatens to win with ...Ndc2.} 21. Qf2 (21. fxe5 $11 Ndc2 22. Nxc2 Nxc2 23. Qd3 Qxd3 24. exd3 Nxa1 25. Rxa1) 21... Nb3 22. Rd1 {[#]} exf4 $1 ({Resist} 22... Qxa4 23. fxe5 fxe5 24. Nf3 $15) ({And not} 22... Nxd2 23. e3 $11) 23. Qxf4 Nc5 24. Nf3 Nxa4 25. Ba1 Rc4 26. d4 (26. Nd4 $17 {was necessary.}) 26... Nd5 $19 27. Qd2 Ndc3 28. Rc1 (28. Rde1 $142) 28... Rfc8 {And now ...Nxe2+! would win.} 29. Rce1 Bd5 30. Qf4 Re8 31. Qd2 b5 {[%cal Bb7b5,Bb5b4,Bb4b3][%mdl 32]} 32. h4 b4 33. Kh2 Ne4 34. Qf4 b3 35. Bh3 Be6 36. Bg2 Bd5 $2 ({Black should play} 36... Bf7 $19 {White must now prevent ...b2.} 37. Nd2 Nxd2 38. Qxd2 Qb5) 37. Nd2 $2 {[%mdl 8192]} (37. Bh3 $1 $11 {and White has nothing to worry.} Qc6 38. Nd2 Nxd2 39. Qxd2) 37... Nxd2 38. Bh3 Nxf1+ 39. Rxf1 Rxe2+ {Precision: White = 34%, Black = 85%.} 0-1

[Event "37th Zalakaros Festival 2018"]
[Site "Zalakaros"]
[Date "2018.05.28"]
[Round "4"]
[White "Polajzer, Danilo"]
[Black "Narendran Gouthaman"]
[Result "1-0"]
[WhiteElo "2273"]
[BlackElo "2068"]
[Annotator "NA"]
[PlyCount "151"]
[EventDate "2018.??.??"]
[EventType "swiss"]
[EventCountry "HUN"]
[SourceTitle "playchess.com"]
[Source "ChessBase"]
[SourceQuality "1"]
[TimeControl "40/5400+30:1800+30"]

1. Nf3 {[%emt 0:00:05]} d5 {[%emt 0:00:48]} 2. d4 {[%emt 0:01:02]} Nf6 {[%emt 0:00:11]} 3. c4 {[%emt 0:00:11]} e6 {[%emt 0:00:15]} 4. Nc3 {[%emt 0:00:06]} Bb4 {[%emt 0:00:16]} 5. e3 {[%emt 0:04:17]} O-O {[%emt 0:00:28]} 6. Bd3 {[%emt 0:01:34]} c5 {[%emt 0:00:11]} 7. O-O {[%emt 0:00:25]} dxc4 {[%emt 0:02:05]} 8. Bxc4 {[%emt 0:00:06]} cxd4 {[%emt 0:00:12]} 9. exd4 {[%emt 0:00:29]} b6 {[%emt 0:01:03]} 10. Qe2 {[%emt 0:01:51]} Bb7 {[%emt 0:02:36]} 11. Rd1 {[%emt 0:00:16]} Bxc3 {[%emt 0:13:07]} 12. bxc3 {[%emt 0:00:15]} Qc7 {[%emt 0:02:01]} 13. Ne5 {[%emt 0:33:35]} Nbd7 {[%emt 0:01:57]} 14. Nxd7 {[%emt 0:14:36]} Qxd7 {[%emt 0:06:48]} 15. Rd3 {[%emt 0:03:25]} Qc6 {[%emt 0:02:08]} 16. Rg3 {[%emt 0:00:52]} Ne4 {[%emt 0:01:44]} 17. Rg4 {[%emt 0:06:13]} Nf6 {[%emt 0:31:44]} 18. Bb5 {[%emt 0:13:19]} Qxc3 {[%emt 0:06:21]} 19. Bb2 {[%emt 0:00:22]} Qc7 {[%emt 0:06:47]} 20. Rc1 {[%emt 0:03:18]} Qd6 {[%emt 0:00:18]} 21. Rxg7+ {[%emt 0:00:39]} Kxg7 {[%emt 0:00:19]} 22. d5 {[%emt 0:00:02]} Qxd5 {[%emt 0:18:09]} 23. Qg4+ {[%emt 0:02:26]} Kh6 {[%emt 0:00:01]} 24. Bxf6 {[%emt 0:00:49]} Qxg2+ {[%emt 0:01:46]} 25. Qxg2 {[%emt 0:00:18]} Bxg2 {[%emt 0:00:06]} 26. Kxg2 {[%emt 0:00:12]} Rac8 {[%emt 0:00:23]} 27. Rd1 {[%emt 0:01:35]} Rc5 {[%emt 0:01:07]} 28. a4 {[%emt 0:01:20]} Rg8+ {[%emt 0:00:29]} 29. Kf1 {[%emt 0:00:53]} Rd5 {[%emt 0:00:41]} 30. Rc1 {[%emt 0:01:56]} Rc5 {[%emt 0:00:31]} 31. Rxc5 {[%emt 0:01:56]} bxc5 {[%emt 0:00:02]} 32. Ke2 {[%emt 0:01:16]} Rg4 {[%emt 0:00:30]} 33. Be7 {[%emt 0:00:45]} a6 {[%emt 0:00:32]} 34. Be8 {[%emt 0:01:28]} Kg7 {[%emt 0:00:36]} 35. Bxc5 {[%emt 0:00:52]} Rc4 {[%emt 0:00:21]} 36. Bd6 {[%emt 0:03:18]} Rc2+ {[%emt 0:00:38]} 37. Ke3 {[%emt 0:00:26]} Rc8 {[%emt 0:00:12]} 38. Bb5 {[%emt 0:01:14]} axb5 {[%emt 0:01:03]} 39. axb5 {[%emt 0:00:01]} Rc3+ {[%emt 0:00:39]} 40. Kd4 {[%emt 0:00:00]} Rb3 {[%emt 0:00:36]} 41. Kc4 {[%emt 0:00:56]} Rb1 {[%emt 0:01:34]} 42. Bb4 {[%emt 0:00:03]} Rc1+ {[%emt 0:00:42]} 43. Bc3+ {[%emt 0:05:23]} Kg6 {[%emt 0:00:17]} 44. b6 {[%emt 0:00:27]} Rb1 {[%emt 0:00:23]} 45. Bb4 {[%emt 0:00:31]} Rc1+ {[%emt 0:00:06]} 46. Kb5 {[%emt 0:00:58]} Rc8 {[%emt 0:00:28]} 47. Bd6 {[%emt 0:00:38]} Kf5 {[%emt 0:00:33]} 48. b7 {[%emt 0:00:14]} Rd8 {[%emt 0:01:17]} 49. Bc7 {[%emt 0:01:28]} Rg8 {[%emt 0:02:45]} 50. Kc6 {[%emt 0:00:04]} f6 {[%emt 0:00:13]} 51. b8=Q {[%emt 0:03:01]} Rxb8 {[%emt 0:00:08]} 52. Bxb8 {[%emt 0:00:09]} Ke4 {[%emt 0:00:38]} 53. Kd6 {[%emt 0:00:15]} e5 {[%emt 0:02:49]} 54. Ke6 {[%emt 0:00:05]} f5 {[%emt 0:00:20]} 55. Bxe5 {[%emt 0:00:11]} f4 {[%emt 0:00:31]} 56. h4 {[%emt 0:00:17]} h5 {[%emt 0:00:58]} 57. Kf6 {[%emt 0:00:18]} Kf3 {[%emt 0:02:19]} 58. Kg5 {[%emt 0:00:31]} Kxf2 {[%emt 0:00:17]} 59. Bxf4 {[%emt 0:00:02]} Kf3 {[%emt 0:00:11]} 60. Bc7 {[%emt 0:00:42]} Ke4 {[%emt 0:00:11]} 61. Bb8 {[%emt 0:00:30]} Kd5 {[%emt 0:00:32]} 62. Kxh5 {[%emt 0:00:04]} Ke6 {[%emt 0:00:22]} 63. Kg6 {[%emt 0:00:23]} Kd7 {[%emt 0:00:11]} 64. h5 {[%emt 0:00:17]} Kc8 {[%emt 0:00:21]} 65. Bd6 {[%emt 0:00:34]} Kd7 {[%emt 0:00:07]} 66. Ba3 {[%emt 0:00:10]} Kc6 {[%emt 0:00:05]} 67. h6 {[%emt 0:00:09]} Kd5 {[%emt 0:00:02]} 68. h7 {[%emt 0:00:09]} Ke4 {[%emt 0:00:01]} 69. h8=Q {[%emt 0:00:15]} Kd3 {[%emt 0:00:04]} 70. Qh4 {[%emt 0:00:14]} Kc3 {[%emt 0:00:05]} 71. Kf5 {[%emt 0:00:24]} Kc2 {[%emt 0:00:05]} 72. Qg3 {[%emt 0:00:12]} Kd2 {[%emt 0:00:06]} 73. Ke4 {[%emt 0:00:09]} Kd1 {[%emt 0:00:07]} 74. Qh2 {[%emt 0:00:13]} Ke1 {[%emt 0:00:09]} 75. Ke3 {[%emt 0:00:04]} Kf1 {[%emt 0:00:08]} 76. Qf2# 1-0

[Event "37th Zalakaros Festival 2018"]
[Site "Zalakaros"]
[Date "2018.05.28"]
[Round "4"]
[White "Saber, Yasser"]
[Black "Pasti, Aron"]
[Result "0-1"]
[WhiteElo "2266"]
[BlackElo "2064"]
[Annotator "NA"]
[PlyCount "134"]
[EventDate "2018.??.??"]
[EventType "swiss"]
[EventCountry "HUN"]
[SourceTitle "playchess.com"]
[Source "ChessBase"]
[SourceQuality "1"]
[TimeControl "40/5400+30:1800+30"]

1. d4 {[%emt 0:17:28]} d5 {[%emt 0:00:51]} 2. Nf3 {[%emt 0:00:40]} Nf6 {[%emt 0:00:06]} 3. c4 {[%emt 0:00:09]} e6 {[%emt 0:00:03]} 4. Nc3 {[%emt 0:00:07]} Be7 {[%emt 0:00:03]} 5. Bf4 {[%emt 0:00:40]} O-O {[%emt 0:00:43]} 6. e3 {[%emt 0:00:05]} Nbd7 {[%emt 0:00:04]} 7. Qc2 {[%emt 0:00:22]} c6 {[%emt 0:04:10]} 8. Be2 {[%emt 0:04:39]} dxc4 {[%emt 0:00:14]} 9. Bxc4 {[%emt 0:00:01]} b5 {[%emt 0:02:07]} 10. Bd3 {[%emt 0:09:09]} a6 {[%emt 0:02:17]} 11. O-O {[%emt 0:09:14]} c5 {[%emt 0:02:29]} 12. Ne5 {[%emt 0:08:38]} Bb7 {[%emt 0:06:19]} 13. Nxd7 {[%emt 0:01:41]} Qxd7 {[%emt 0:00:13]} 14. dxc5 {[%emt 0:08:35]} Bxc5 {[%emt 0:02:49]} 15. Ne4 {[%emt 0:03:41]} Nxe4 {[%emt 0:05:29]} 16. Bxe4 {[%emt 0:00:03]} Bxe4 {[%emt 0:00:16]} 17. Qxe4 {[%emt 0:00:03]} Rfd8 {[%emt 0:03:16]} 18. Rac1 {[%emt 0:00:00]} Rac8 {[%emt 0:01:16]} 19. h3 {[%emt 0:03:06]} f5 {[%emt 0:05:43]} 20. Qf3 {[%emt 0:03:25]} Bd6 {[%emt 0:09:04]} 21. Rxc8 {[%emt 0:10:09]} Qxc8 {[%emt 0:00:35]} 22. Bg5 {[%emt 0:00:27]} Rd7 {[%emt 0:01:46]} 23. e4 {[%emt 0:06:16]} Qc6 {[%emt 0:04:53]} 24. Rc1 {[%emt 0:08:17]} Qxe4 {[%emt 0:03:48]} 25. Rc8+ {[%emt 0:01:13]} Bf8 {[%emt 0:00:05]} 26. Qxe4 {[%emt 0:04:04]} fxe4 {[%emt 0:00:10]} 27. Kf1 {[%emt 0:00:41]} h6 {[%emt 0:00:51]} 28. Be3 {[%emt 0:00:15]} Kf7 {[%emt 0:00:28]} 29. Ke2 {[%emt 0:00:28]} Bb4 {[%emt 0:00:57]} 30. Rc6 {[%emt 0:00:38]} Rd6 {[%emt 0:01:31]} 31. Rc7+ {[%emt 0:00:02]} Kg6 {[%emt 0:00:34]} 32. Bf4 {[%emt 0:00:55]} Rd5 {[%emt 0:01:36]} 33. a3 {[%emt 0:00:46]} Bd6 {[%emt 0:02:39]} 34. Bxd6 {[%emt 0:00:24]} Rxd6 {[%emt 0:00:03]} 35. Rc3 {[%emt 0:00:37]} Kf5 {[%emt 0:01:05]} 36. h4 {[%emt 0:00:23]} g5 {[%emt 0:00:31]} 37. hxg5 {[%emt 0:00:16]} hxg5 {[%emt 0:00:06]} 38. Rc8 {[%emt 0:00:49]} Rd3 {[%emt 0:00:33]} 39. Rf8+ {[%emt 0:00:17]} Ke5 {[%emt 0:00:16]} 40. Rg8 {[%emt 0:00:00]} Rb3 {[%emt 0:00:07]} 41. Rxg5+ {[%emt 0:05:28]} Kf4 {[%emt 0:01:47]} 42. Rg6 {[%emt 0:12:25]} Rxb2+ {[%emt 0:01:16]} 43. Kf1 {[%emt 0:02:59]} Rb3 {[%emt 0:02:12]} 44. a4 {[%emt 0:02:36]} Kf5 {[%emt 0:00:09]} 45. Rh6 {[%emt 0:00:25]} bxa4 {[%emt 0:07:46]} 46. Rh5+ {[%emt 0:00:02]} Kf4 {[%emt 0:00:09]} 47. Ra5 {[%emt 0:00:49]} a3 {[%emt 0:00:07]} 48. Kg1 {[%emt 0:02:16]} e3 {[%emt 0:03:20]} 49. Ra4+ {[%emt 0:00:02]} Kf5 {[%emt 0:00:10]} 50. fxe3 {[%emt 0:00:40]} Rxe3 {[%emt 0:00:05]} 51. Kf2 {[%emt 0:02:27]} Rb3 {[%emt 0:00:07]} 52. Rxa6 {[%emt 0:01:03]} e5 {[%emt 0:00:43]} 53. Ra4 {[%emt 0:01:43]} Rc3 {[%emt 0:01:32]} 54. Ke2 {[%emt 0:03:49]} Rg3 {[%emt 0:01:20]} 55. Kf2 {[%emt 0:00:09]} Rb3 {[%emt 0:00:06]} 56. Ke2 {[%emt 0:00:51]} Rb2+ {[%emt 0:00:25]} 57. Kf3 {[%emt 0:00:32]} Rb3+ {[%emt 0:01:25]} 58. Ke2 {[%emt 0:00:22]} Rb2+ {[%emt 0:00:04]} 59. Kf3 {[%emt 0:00:12]} e4+ {[%emt 0:00:06]} 60. Ke3 {[%emt 0:01:54]} Rb3+ {[%emt 0:00:27]} 61. Kf2 {[%emt 0:00:29]} Kf4 {[%emt 0:00:33]} 62. Ra8 {[%emt 0:00:32]} e3+ {[%emt 0:00:52]} 63. Ke2 {[%emt 0:00:26]} Rb2+ {[%emt 0:00:07]} 64. Ke1 {[%emt 0:00:34]} a2 {[%emt 0:00:05]} 65. Rf8+ {[%emt 0:00:18]} Ke5 {[%emt 0:00:18]} 66. Re8+ {[%emt 0:00:34]} Kf6 {[%emt 0:00:06]} 67. Rxe3 {[%emt 0:00:36]} a1=R# {[%emt 0:00:08]} 0-1

[Event "37th Zalakaros Festival 2018"]
[Site "Zalakaros"]
[Date "2018.05.28"]
[Round "4"]
[White "Geher, Koppany"]
[Black "Hadzi - Manev, Ljubomir"]
[Result "1/2-1/2"]
[WhiteElo "2257"]
[BlackElo "2049"]
[Annotator "NA"]
[PlyCount "93"]
[EventDate "2018.??.??"]
[EventType "swiss"]
[EventCountry "HUN"]
[SourceTitle "playchess.com"]
[Source "ChessBase"]
[SourceQuality "1"]
[TimeControl "40/5400+30:1800+30"]

1. e4 {[%emt 0:01:44]} g6 {[%emt 0:00:43]} 2. d4 {[%emt 0:00:05]} Bg7 {[%emt 0:00:06]} 3. Nc3 {[%emt 0:00:06]} a6 {[%emt 0:00:20]} 4. f4 {[%emt 0:01:13]} d5 {[%emt 0:01:18]} 5. Nxd5 {[%emt 0:12:20]} e6 {[%emt 0:02:41]} 6. Nc3 {[%emt 0:06:59]} Qxd4 {[%emt 0:00:30]} 7. Bd3 {[%emt 0:03:35]} Nd7 {[%emt 0:14:40]} 8. Nf3 {[%emt 0:00:28]} Qb4 {[%emt 0:05:33]} 9. O-O {[%emt 0:03:13]} Ngf6 {[%emt 0:04:55]} 10. a3 {[%emt 0:09:06]} Qc5+ {[%emt 0:03:55]} 11. Kh1 {[%emt 0:00:05]} O-O {[%emt 0:10:42]} 12. Qe1 {[%emt 0:00:55]} Qe7 {[%emt 0:05:17]} 13. Qh4 {[%emt 0:04:11]} Nc5 {[%emt 0:09:32]} 14. Be3 {[%emt 0:13:02]} Nxd3 {[%emt 0:01:29]} 15. cxd3 {[%emt 0:00:58]} b6 {[%emt 0:01:32]} 16. f5 {[%emt 0:10:10]} gxf5 {[%emt 0:11:31]} 17. Bg5 {[%emt 0:01:24]} h6 {[%emt 0:02:52]} 18. Bxh6 {[%emt 0:03:14]} Bxh6 {[%emt 0:00:41]} 19. Qxh6 {[%emt 0:00:28]} Ng4 {[%emt 0:01:13]} 20. Qh5 {[%emt 0:05:38]} Rd8 {[%emt 0:10:21]} 21. exf5 {[%emt 0:02:18]} exf5 {[%emt 0:01:00]} 22. Rae1 {[%emt 0:03:11]} Qf6 {[%emt 0:04:10]} 23. Nd5 {[%emt 0:01:42]} Qh6 {[%emt 0:00:17]} 24. Qxh6 {[%emt 0:01:17]} Nxh6 {[%emt 0:00:06]} 25. Nxc7 {[%emt 0:01:11]} Ra7 {[%emt 0:02:45]} 26. Re8+ {[%emt 0:00:16]} Rxe8 {[%emt 0:00:08]} 27. Nxe8 {[%emt 0:00:02]} Kf8 {[%emt 0:02:59]} 28. Nd6 {[%emt 0:00:46]} Be6 {[%emt 0:00:17]} 29. Nc4 {[%emt 0:01:42]} b5 {[%emt 0:01:12]} 30. Ne3 {[%emt 0:00:30]} Rd7 {[%emt 0:00:34]} 31. d4 {[%emt 0:01:06]} Ng4 {[%emt 0:00:36]} 32. Nd1 {[%emt 0:06:04]} Bd5 {[%emt 0:01:25]} 33. Nc3 {[%emt 0:06:23]} Bxf3 {[%emt 0:00:45]} 34. gxf3 {[%emt 0:00:12]} Ne3 {[%emt 0:00:15]} 35. Re1 {[%emt 0:00:47]} Nc2 {[%emt 0:00:14]} 36. Re5 {[%emt 0:00:44]} Rxd4 {[%emt 0:00:31]} 37. Rxf5 {[%emt 0:00:49]} Rd2 {[%emt 0:00:30]} 38. Rd5 {[%emt 0:00:29]} Nd4 {[%emt 0:00:42]} 39. b4 {[%emt 0:00:33]} Nxf3 {[%emt 0:00:34]} 40. Rxd2 {[%emt 0:00:00]} Nxd2 {[%emt 0:00:01]} 41. a4 {[%emt 0:02:57]} bxa4 {[%emt 0:06:31]} 42. Nxa4 {[%emt 0:00:01]} Nc4 {[%emt 0:06:01]} 43. Nc5 {[%emt 0:00:07]} a5 {[%emt 0:00:23]} 44. b5 {[%emt 0:01:20]} Nb6 {[%emt 0:00:24]} 45. Kg2 {[%emt 0:03:27]} a4 {[%emt 0:00:09]} 46. Kf3 {[%emt 0:00:57]} a3 {[%emt 0:00:06]} 47. Nb3 {[%emt 0:02:00]} 1/2-1/2